000 00410nam a22001217a 4500
999 _c9668
_d9668
003 OSt
008 201203b ||||| |||| 00| 0 eng d
245 _aIndian Journal of Advanced Materials Science (JAMS)
250 _a2015(Jan-Jun Vol.3 No.1, Jul-Dec Vol.3 No.2) 2016(Jan-Jun Vol.4 No.1, Jul-Dec Vol.4 No.2)
260 _aBanglore
_bOcean Research Jounrals
650 _aMechanical Engineering
942 _2ddc
_cBV